Legislación usual

Guardado en:
Formato: Desconocido
Idioma:Spanish
Publicado: Buenos Aires : Editorial estudio
Series:Leyes de estudio
Materias:
Etiquetas: Agregar Etiqueta
Sin Etiquetas, Sea el primero en etiquetar este registro!
LEADER 00372nac a22001335a 4500
001 DER.der003135
005 20061226000000.0
008 180615s----####||||||||||||||||||||spa||
245 1 0 |a Legislación usual 
260 |a Buenos Aires :  |b Editorial estudio 
300 0 |a 56 p. 
440 0 |a Leyes de estudio 
653 |a DERECHO CONSTITUCIONAL 
859 |a DERECHO  |b BIB. DERECHO  |h 342.02  |i LEG  |p 003109